000 00379nam a22001337a 4500
008 230918b |||||||| |||| 00| 0 eng d
020 _a978-1461089421
050 _aPE1408
_b.C63 2011
100 _aCohen, Bryan
245 _a1,000 creative writing prompts :
_bIdeas for blogs, scripts, stories and more
_cBryan Cohen
260 _c2011
300 _axi, 119p.
942 _2lcc
_cBK
999 _c20295
_d20294